Fundamentals and applications of financial management (Record no. 14987)

MARC details
000 -LEADER
fixed length control field 00640nam a22001937a 4500
003 - CONTROL NUMBER IDENTIFIER
control field URS
005 - DATE AND TIME OF LATEST TRANSACTION
control field 20230126125334.0
008 - FIXED-LENGTH DATA ELEMENTS--GENERAL INFORMATION
fixed length control field 180103b xxu||||| |||| 00| 0 eng d
040 ## - CATALOGING SOURCE
Transcribing agency URS
050 ## - LIBRARY OF CONGRESS CALL NUMBER
Classification number HG 4026 F86 2012
245 ## - TITLE STATEMENT
Title Fundamentals and applications of financial management
Statement of responsibility, etc. Samuel M. Salvador, Gloria T. Baysa, Dominador L. Gamboa, Ellinor C. Fua-Geronimo
260 ## - PUBLICATION, DISTRIBUTION, ETC.
Place of publication, distribution, etc. s.l.
Name of publisher, distributor, etc. Allen Books Inc.
Date of publication, distribution, etc. 2012
336 ## - CONTENT TYPE
Source rdacontent
Content type term text
Content type code txt
337 ## - MEDIA TYPE
Source rdamedia
Media type term unmediated
Media type code n
338 ## - CARRIER TYPE
Source rdacarrier
Carrier type term volume
Carrier type code nc
650 #0 - SUBJECT ADDED ENTRY--TOPICAL TERM
9 (RLIN) 1337
Topical term or geographic name entry element Business enterprises
Form subdivision Finance
650 #0 - SUBJECT ADDED ENTRY--TOPICAL TERM
9 (RLIN) 3023
Topical term or geographic name entry element Corporations
Form subdivision Finance
942 ## - ADDED ENTRY ELEMENTS (KOHA)
Source of classification or shelving scheme Library of Congress Classification
Koha item type Filipiniana
Holdings
Withdrawn status Source of classification or shelving scheme Damaged status Not for loan Collection code Home library Current library Shelving location Date acquired Total Checkouts Full call number Barcode Date last seen Price effective from Koha item type
  Library of Congress Classification     Non-fiction Binangonan College Library Binangonan College Library Filipiniana Section 01/03/2018   HG 4026 F86 2012 URSBIN-3066 01/03/2018 01/03/2018 Filipiniana

University of Rizal System
Email us at univlibservices@urs.edu.ph

Visit our Website www.urs.edu.ph/library